Normal view
MARC view
- Dave Paw
Entry Personal Name
001 - CONTROL NUMBER
- control field: 106450
003 - CONTROL NUMBER IDENTIFIER
- control field: NUST
005 - DATE AND TIME OF LATEST TRANSACTION
- control field: 20221229185955.0
008 - FIXED-LENGTH DATA ELEMENTS
- fixed length control field: 221229|| aca||aabn | a|a d
040 ## - CATALOGING SOURCE
- Original cataloging agency: NUST
- Transcribing agency: NUST
100 ## - HEADING--PERSONAL NAME
- Personal name: Dave Paw
670 ## - SOURCE DATA FOUND
- Source citation: Work cat.: (NUST)183963: Dave Paw, Communications Networking ATM&MPLS &theory and application foundations of multi-service networking, 2003
